| 000 | 00717nam a2200193 a 4500 | ||
|---|---|---|---|
| 008 | 190123s1995 ||||||||||||||||| || u | ||
| 020 | _a0521599431 | ||
| 050 | _aQC 611.6.E45 Dat | ||
| 100 | _aDatta, Supriyo | ||
| 245 | 1 | 0 |
_aElectronic transport in mesoscopic systems _cby Supriyo Datta |
| 260 |
_aUnited Kingdom _bCambridge University Press _c1995 |
||
| 300 | _axv, 377p.: ill. | ||
| 350 | _a100.60 | ||
| 650 | _aELECTRON TRANSPORT | ||
| 650 | _aSEMICONDUCTORS | ||
| 650 | _aGREEN'S FUNCTIONS | ||
| 650 | _aMESOSCOPIC PHENOMENA (PHYSICS) | ||
| 995 |
_FCBU-MAIN LIBRARY (Kitwe) _I100.60 _M1 _UAVAILABLE _WJan 23, 2019 _ZMain Library Open Access Collection |
||
| 999 |
_c41562 _d41562 |
||